Información pública efectuada en 1906 por la Comisión de Estudio de la riqueza hullera nacional. (Registro nro. 82415)
[ vista simple ]
| 000 -LEADER | |
|---|---|
| campo de control de longitud fija | 00581nam a2200157 i 4500 |
| 001 - NÚMERO DE CONTROL | |
| campo de control | 82415 |
| 003 - IDENTIFICADOR DE NÚMERO DE CONTROL | |
| campo de control | ES-MaACL |
| 005 - FECHA Y HORA DE LA ÚLTIMA TRANSACCIÓN | |
| campo de control | 20230906174653.0 |
| 007 - CAMPO FIJO DE DESCRIPCIÓN FÍSICA--INFORMACIÓN GENERAL | |
| campo de control de longitud fija | t| |
| 008 - DATOS DE LONGITUD FIJA--INFORMACIÓN GENERAL | |
| campo de control de longitud fija | 041110s1909 sp ||||1| spa d |
| 245 00 - MENCIÓN DEL TÍTULO | |
| Título | Información pública efectuada en 1906 por la Comisión de Estudio de la riqueza hullera nacional. |
| 300 ## - DESCRIPCIÓN FÍSICA | |
| Extensión | XX, 263 p. ; |
| Dimensiones | 27 cm. |
| 500 ## - NOTA GENERAL | |
| Nota general | Precede al tít.: Ministerio de Fomento. Dirección General de Agricultura, Industria y Comercio. |
| 710 1# - ENTRADA AGREGADA--NOMBRE DE ENTIDAD CORPORATIVA | |
| Nombre de entidad corporativa o nombre de jurisdicción como elemento de entrada | España. |
| Unidad subordinada | Dirección General de Agricultura, Industria y Comercio. |
| 9 (RLIN) | 3869 |
| 852 ## - LOCALIZACIÓN | |
| Ubicación | ES-MaACL |
| Número de control de estantería | F-734 |
| Estatus retirado | Estado de pérdida | Estado de daño | No para préstamo | Biblioteca de origen | Biblioteca actual | Ubicación en estantería | Fecha de adquisición | Fuente de adquisición | Total de préstamos | Signatura topográfica completa | Código de barras | Visto por última vez | Precio de reemplazo | Tipo de ítem Koha |
|---|---|---|---|---|---|---|---|---|---|---|---|---|---|---|
| Biblioteca del Ateneo de Madrid | Biblioteca del Ateneo de Madrid | Depósito 2 | 17/01/2008 | F-734 | 1086131 | 23/02/2023 | 23/02/2023 | Libro impreso |
